| 000 | 00321nam a22001217a 4500 | ||
|---|---|---|---|
| 082 |
_a954.91 _bCHO |
||
| 100 | _aChoudhary, G. W. | ||
| 245 |
_aLast Days of United Pakistan / _cG. W. Choudhary |
||
| 260 |
_aLondon : _bC. Hurst & Company, _c1974. |
||
| 300 |
_a239 p. ; _c22 cm. |
||
| 563 | _aHB. | ||
| 942 |
_2ddc _cBK |
||
| 999 |
_c616254 _d616254 |
||